| 000 | 00598nam a2200169 a 4500 | ||
|---|---|---|---|
| 005 | 20140412111247.0 | ||
| 008 | 010502s19uu xx 00 eng d | ||
| 020 | _a0-307-23291-3 | ||
| 050 |
_aTR(PS E _bGr89 1986 |
||
| 100 | _aHazen, Barabara Shook | ||
| 245 |
_aGrowing up is hard sometimes : _ba book about independence and responsibility / _cby Barbara Shook Hazen; illustrated by Carolyn Bracken. |
||
| 260 |
_aNew York : _bA Golden Book, _c1986. |
||
| 300 | _a1v. (unp.) ; ill. | ||
| 650 | _aGrowing up-Juvenile literature | ||
| 650 | _aResponsibility-Juvenile literature | ||
| 999 |
_c102963 _d102963 |
||